| 000 | 01064nam a22002177a 4500 | ||
|---|---|---|---|
| 005 | 2011022802212.0 | ||
| 008 | 110228t xxu||||| |||| 00| 0 hin d | ||
| 020 |
_c175.00 _a9788190482387 |
||
| 037 | _b मैट्रिक्स पब्लिशर्स | ||
| 040 |
_aDPL _bHN |
||
| 082 | _aक | ||
| 100 |
_aदेवेन्द्र कुमार _91206 |
||
| 245 |
_aएशिया की सर्वश्रेष्ठ लोककथाएं / _cदेवेन्द्र कुमार |
||
| 246 |
_aAsia Ki Sarvashresht Lokkathain _bby Devendra Kumar |
||
| 260 |
_aदिल्ली _bमैट्रिक्स पब्लिशर्स _c2010 |
||
| 270 |
_a1362,आत्माराम बिल्डिंग, कश्मीरी गेट _bदिल्ली _e110006 |
||
| 300 |
_a112 पृ. _c24सेमी(सजिल्द) _bसचित्र |
||
| 650 |
_a हिन्दी कहानियाँ _926269 |
||
| 650 |
_a Hindi Stories _9788 |
||
| 942 |
_2ddc _cCH _mदेवेन्द्र _hक |
||
| 999 |
_c50783 _d50783 |
||